00233nam a2200085Ia 4500100002900000654000900029245006800038260002900106546001200135 aSantacruz operation Inc  aunix aSCO unix sytem v operating system sytem administrator reference bSantacruz Operation Inc. aENGLISH